01207nam a2200229 a 450000100100000000500170001000800410002704000250006810000460009324500610013926000480020030000210024850000750026950400310034404900090037595201200038495201110050495201200061595201200073595201050085599900170096000002376220240619113636.0110113s1998 dr 001 0 spa d aDO-SdBNPbspacBNPHU1 aGrimaldi Silié, Eleanor, d1948-98571310aVariedades psicopedagogicas /cEleanor Grimaldi Silié. aSanto Domingo :bEditora de Colores,c1998. a124 p. ;c23 cm. aIncluye referencias bibliográficas de la autora en la contracubierta aBibliografía: p. 123-124 aBNPD 001054708DSaGRbGRcCTd2011-01-13iLF1l0o p23762-20r2020-06-25te. 5w2020-06-25yLFDSZPréstamo en sala 0010718PDaGRbGRcCTd2011-01-13iLF1l0o p23762-30r2020-06-25te. 2w2020-06-25yLFPDZNo se presta 001054708DSaGRbGRcCTd2011-01-13iLF1l0o p23762-40r2020-06-25te. 3w2020-06-25yLFDSZPréstamo en sala 001054708DSaGRbGRcCTd2011-01-13iLF1l0o p23762-50r2020-06-25te. 4w2020-06-25yLFDSZPréstamo en sala 0010718PDaPDbPDcCTd2011-01-13iLF1l0o p23762-10r2020-06-25w2020-06-25yLFPDZNo se presta c23258d23258